000 00394cam a2200169ua 4500
041 _aeng
_h
082 _a823.301
_b
100 _aBudden, John .
245 _aJungle John /
_cJohn Budden.
_hTextual Documents
250 _a1 /
_b.
260 _aLondon :
_bLangmans Green And Co Ltd ,
_c1964.
300 _a120 ; .
500 _aBUD/JU
504 _a
942 _cBK
999 _c2848
_d2848